| 000 | 01415nam a2200361 a 4500 | ||
|---|---|---|---|
| 001 | ebr10288465 | ||
| 003 | CaPaEBR | ||
| 006 | m u | ||
| 007 | cr cn||||||||| | ||
| 008 | 081104s2008 enkabg sb 001 0beng | ||
| 010 | _z 2008300712 | ||
| 015 |
_aGBA887726 _2bnb |
||
| 016 | 7 |
_z014668067 _2Uk |
|
| 020 | _z9780199289844 | ||
| 020 | _z0199289840 | ||
| 040 |
_aCaPaEBR _cCaPaEBR |
||
| 035 | _a(OCoLC)314902938 | ||
| 050 | 1 | 4 |
_aPR3581 _b.C295 2008eb |
| 082 | 0 | 4 |
_a821.4 _aB _222 |
| 100 | 1 |
_aCampbell, Gordon, _d1944- |
|
| 245 | 1 | 0 |
_aJohn Milton _h[electronic resource] : _blife, work, and thought / _cGordon Campbell, Thomas N. Corns. |
| 260 |
_aOxford ; _aNew York : _bOxford University Press, _c2008. |
||
| 300 |
_axiii, 488 p. : _bill., maps, music. |
||
| 504 | _aIncludes bibliographical references (p. [446]-472) and index. | ||
| 533 |
_aElectronic reproduction. _bPalo Alto, Calif. : _cebrary, _d2013. _nAvailable via World Wide Web. _nAccess may be limited to ebrary affiliated libraries. |
||
| 600 | 1 | 0 |
_aMilton, John, _d1608-1674. |
| 650 | 0 |
_aPoets, English _yEarly modern, 1500-1700 _vBiography. |
|
| 651 | 0 |
_aGreat Britain _xHistory _yStuarts, 1603-1714. |
|
| 655 | 7 |
_aElectronic books. _2local |
|
| 700 | 1 | _aCorns, Thomas N. | |
| 710 | 2 | _aebrary, Inc. | |
| 856 | 4 | 0 |
_uhttp://site.ebrary.com/lib/rucke/Doc?id=10288465 _zAn electronic book accessible through the World Wide Web; click to view |
| 999 |
_c462 _d462 |
||